Hatalom
Elmentve itt :
| Szerző: | |
|---|---|
| Adatforrás: | Philobibl |
| Forrásdokumentuma: | Magyar Filozófiai Szemle 55.2011:2. p. 5-8. |
| Dokumentumtípus: | Cikk |
| Nyelv: | magyar |
| Kulcsszavak: | politikai filozófia hatalom |
| Online elérés: | szabadon hozzáférhető |
| LEADER | 00472nab a2200133 c 4500 | ||
|---|---|---|---|
| 001 | bibPHI0042151 | ||
| 005 | 20251219112224.3 | ||
| 008 | 111213s2011 hu hun | ||
| 100 | 1 | |a Mester Béla | |
| 245 | 1 | 0 | |a Hatalom |c Mester Béla |
| 695 | |a politikai filozófia | ||
| 695 | |a hatalom | ||
| 773 | 0 | |t Magyar Filozófiai Szemle |g 55.2011:2. p. 5-8. | |
| 856 | 4 | 1 | |3 Full text |u https://epa.oszk.hu/00100/00186/00027/pdf/EPA00186_magyar_filozofiai_szemle_2011_2_005-008.pdf |z szabadon hozzáférhető |